Engaging modernities : (Record no. 459)
[ view plain ]
| 000 -LEADER | |
|---|---|
| campo de control de longitud fija | 01783cam a22003374a 4500 |
| 001 - NÚMERO DE CONTROL | |
| campo de control | 13401994 |
| 005 - FECHA Y HORA DE LA ÚLTIMA TRANSACCIÓN | |
| campo de control | 20220326193313.0 |
| 008 - DATOS DE LONGITUD FIJA--INFORMACIÓN GENERAL | |
| campo de control de longitud fija | 031113s2003 sa ab bc 000 0 eng |
| 010 ## - NÚMERO DE CONTROL DE LA BIBLIOTECA DEL CONGRESO | |
| Número de control de LC | 2003371454 |
| 020 ## - NÚMERO INTERNACIONAL ESTÁNDAR DEL LIBRO | |
| Número Internacional Estándar del Libro | 1868383032 |
| 040 ## - FUENTE DE CATALOGACIÓN | |
| Centro catalogador/agencia de origen | DLC |
| Centro/agencia transcriptor | DLC |
| 042 ## - CÓDIGO DE AUTENTICACIÓN | |
| Código de autenticación | pcc |
| 043 ## - CÓDIGO DE ÁREA GEOGRÁFICA | |
| Código de área geográfica | fb----- |
| -- | f-sa--- |
| 082 ## - NÚMERO DE LA CLASIFICACIÓN DECIMAL DEWEY | |
| Número de clasificación | 708.968 |
| Número de ítem | N475e |
| 100 ## - ENTRADA PRINCIPAL--NOMBRE DE PERSONA | |
| Nombre de persona | Nettleton, Anitra C. E.;Charlton, Julia.;Rankin-Smith, Fiona. |
| 9 (RLIN) | 2201 |
| 245 00 - MENCIÓN DEL TÍTULO | |
| Título | Engaging modernities : |
| Resto del título | transformations of the commonplace : Standard Bank collection of African art (University of the Witwatersrand Art Galleries) / |
| Mención de responsabilidad, etc. | essays by Anitra Nettleton, Julia Charlton, Fiona Rankin-Smith. |
| 260 ## - PUBLICACIÓN, DISTRIBUCIÓN, ETC. | |
| Lugar de publicación, distribución, etc. | Johannesburg : |
| Nombre del editor, distribuidor, etc. | University of the Witwatersrand Art Galleries, |
| Fecha de publicación, distribución, etc. | c2003. |
| 300 ## - DESCRIPCIÓN FÍSICA | |
| Extensión | 92 p. : |
| Otras características físicas | col. ill., maps ; |
| Dimensiones | 29 cm. |
| 504 ## - NOTA DE BIBLIOGRAFÍA, ETC. | |
| Nota de bibliografía, etc. | Includes bibliographical references (p. 92). |
| 505 ## - NOTA DE CONTENIDO CON FORMATO | |
| Título | Maps |
| -- | Forewords |
| -- | Introductions |
| -- | Military and Missionary Modernity |
| -- | Imaging the self as modern |
| -- | Transformed modernities |
| -- | Modernity Incorported |
| -- | Traditional forms in Modern Materials |
| -- | Products |
| -- | Modernity and Contemporary |
| -- | Traditional forms in modern materials |
| -- | Products |
| -- | Modernity and contemporary concerns |
| -- | Further readings |
| 610 20 - PUNTO DE ACCESO ADICIONAL DE MATERIA--NOMBRE DE ENTIDAD CORPORATIVA | |
| Nombre de entidad corporativa o nombre de jurisdicción como elemento de entrada | Standard Bank Limited |
| Subdivisión general | Art collections |
| Subdivisión de forma | Exhibitions. |
| 9 (RLIN) | 1521 |
| 610 20 - PUNTO DE ACCESO ADICIONAL DE MATERIA--NOMBRE DE ENTIDAD CORPORATIVA | |
| Nombre de entidad corporativa o nombre de jurisdicción como elemento de entrada | University of the Witwatersrand. |
| Unidad subordinada | Art Galleries |
| Subdivisión de forma | Exhibitions. |
| 9 (RLIN) | 1522 |
| 650 #0 - PUNTO DE ACCESO ADICIONAL DE MATERIA--TÉRMINO DE MATERIA | |
| Término de materia o nombre geográfico como elemento de entrada | Art, African |
| Subdivisión cronológica | 20th century |
| Subdivisión de forma | Exhibitions. |
| 9 (RLIN) | 2202 |
| 650 #0 - PUNTO DE ACCESO ADICIONAL DE MATERIA--TÉRMINO DE MATERIA | |
| Término de materia o nombre geográfico como elemento de entrada | Popular culture in art |
| Subdivisión de forma | Exhibitions. |
| 9 (RLIN) | 2203 |
| 650 #0 - PUNTO DE ACCESO ADICIONAL DE MATERIA--TÉRMINO DE MATERIA | |
| Término de materia o nombre geográfico como elemento de entrada | Art |
| Subdivisión geográfica | South Africa |
| -- | Johanesburg |
| Subdivisión de forma | Exhibitions. |
| 9 (RLIN) | 1524 |
| 700 1# - ENTRADA AGREGADA--NOMBRE PERSONAL | |
| Nombre de persona | Nettleton, Anitra C. E. |
| 9 (RLIN) | 1525 |
| 700 1# - ENTRADA AGREGADA--NOMBRE PERSONAL | |
| Nombre de persona | Charlton, Julia. |
| 9 (RLIN) | 1526 |
| 700 1# - ENTRADA AGREGADA--NOMBRE PERSONAL | |
| Nombre de persona | Rankin-Smith, Fiona. |
| 9 (RLIN) | 1527 |
| 906 ## - ELEMENTOS DE DATOS F LOCAL, LDF (RLIN) | |
| a | 7 |
| b | cbc |
| c | orignew |
| d | 3 |
| e | ncip |
| f | 20 |
| g | y-gencatlg |
| Estatus retirado | Estado de pérdida | Fuente del sistema de clasificación o colocación | Estado de daño | No para préstamo | Biblioteca de origen | Biblioteca actual | Ubicación en estantería | Fecha de adquisición | Total de préstamos | Signatura topográfica completa | Código de barras | Visto por última vez | Precio de reemplazo | Tipo de ítem Koha |
|---|---|---|---|---|---|---|---|---|---|---|---|---|---|---|
| Clasificación Decimal Dewey | Biblioteca LadoV | Biblioteca LadoV | 18/03/2015 | 708.968 N475e | 000371 | 18/03/2015 | 18/03/2015 | Material 01 |
